000 01258nam0a2200289 4500
001 RU\NLR\bibl\38861
005 20250615025144.0
021 _aRU
_b99-14044
_9678
035 _a(NLR Aleph) 000037879
090 _a195758
_c195758
100 _a19990716d1999 |||y0rusy50 ca
101 1 _arus
_ceng
102 _aRU
105 _aa |||||||||
200 1 _aРасскажи им правду о гемофилии!
_e[Кн. вопр. и ответов для подростков 11-16 лет, их родителей, друзей и учителей, которая поможет им понять что такое гемофилия
_eПособие третьего уровня
_fТекст и ил. Лорин А. Келли]
210 _aБ.м.
_cБ.и.
_d[1999]
215 _a39 с.
_cцв. ил.
_d24
606 0 _aГемофилия
_jПопулярная литература
_9945456
_3RU\NLR\auth\6631971
606 0 _aГемофилия
_jПопулярные издания
_9945456
_3RU\NLR\auth\6631971
686 _aР411.023.6я9
700 1 _aКелли
_bЛ. А.
_gЛорин А.
_4070
801 0 _aRU
_bNLR
_c19990716
_gPSBO
801 1 _aRU
_bNLR
_c19990716
852 _aNLR
_j99-7/1114
942 _cBOOK
980 _aNB